000 00754cam a2200241 4500500
005 20260405004111.0
041 _afre
042 _adc
100 1 0 _aEnjalbert, Cédric
_eauthor
245 0 0 _aAntoine Fenoglio : "La question du jardin comme du soin est celle de l’acceptation du temps"
260 _c2023.
500 _a30
690 _aArbre
690 _aCare
690 _aDesign
690 _aEmanuele Coccia
690 _aJardin
690 _aNature
690 _aSoin
690 _aTemps
786 0 _nPhilosophie magazine - Hors séries | Hors série - Hiver 2023 | HS56 | 2023-01-01 | p. 47-48 | 2104-9246
856 4 1 _uhttps://shs.cairn.info/magazine-philosophie-magazine-2023-12-page-47?lang=fr&redirect-ssocas=7080
999 _c2073684
_d2073684